Videospiel Charaktere -4- - Statistiken

Allgemein
  • Dieses Quiz wurde 1.025 mal gespielt
  • Das Durchschnittsergebnis liegt bei 8 aus 16
Antwortstatistiken
Bildquiz Antwort % Korrekt
Bowser
99%
Donald Duck
98%
Spyro
84%
Cuphead
77%
Banjo
59%
Angela (Mercy) Ziegler
57%
Wiggler
53%
Zoe, der Aspekt des Zwielichts
52%
König Buu Huu
51%
Sackboy
50%
Yennefer von Vengerberg
47%
Death
23%
Lanky Kong
21%
Schattenherz
21%
Squall Leonhart
13%
Redaxe Chief
2%
Keine übereinstimmenden Quizze gefunden
Verteilung der Resultate
Anzahl Personen mit jedem Resultat
Perzentil nach korrekt beantworteten Fragen
Ihre Resultats-Entwicklung
Sie haben dieses Quiz noch nicht gespielt